Theoretical ecology : principles and applications

Αποθηκεύτηκε σε:
Λεπτομέρειες βιβλιογραφικής εγγραφής
Άλλοι συγγραφείς: May, Robert M. (Επιμελητής έκδοσης)
Μορφή: Βιβλίο
Γλώσσα:English
Δημοσίευση: Oxford : Blackwell Scientific, 1981
Έκδοση:2nd ed.
Θέματα:
Ετικέτες: Προσθήκη ετικέτας
Δεν υπάρχουν, Καταχωρήστε ετικέτα πρώτοι!

MARC

LEADER 00000nam a2200000 i 4500
001 1/73508
008 950124s1981 eng d
020 |a 0-632-00768-0 
035 |l 10003245 
040 |a GR-MY-UA  |b gre  |e aacr 
041 0 |a eng 
082 0 |a 574.5072 
245 1 0 |a Theoretical ecology :  |b principles and applications /  |c Edited by Robert M. May 
250 |a 2nd ed. 
260 |a Oxford :   |b Blackwell Scientific,   |c 1981 
300 |a ix, 486 σ.;  |b εικ.;  |c 25 εκ. 
504 |a Περιέχει βιβλιογραφικές παραπομπές και ευρετήριο 
650 0 0 |a Ecology  |x Mathematical models. 
700 1 |a May, Robert M.  |4 edt 
852 |a INST  |b LESVOS  |e 19950124  |h 574.5072 THE  |p 005100003138  |q 005100003138  |t BK  |y 0 
909 |a Λ  |b 03006